| 000 | 01132nam a2200277 a 4500 | ||
|---|---|---|---|
| 003 | BLK | ||
| 005 | 20250721123305.0 | ||
| 008 | 180411b bul|||||r ||||||| ||bul|| | ||
| 020 | _a9786190300809 | ||
| 040 | _aBLK | ||
| 041 |
_aBUL _cBUL |
||
| 080 |
_aАмериканска литература (на САЩ) _b821.111(73) _x-312.4 _z821.111(73)-312.4 |
||
| 100 | 1 |
_aАйслър, Бари _eпърви автор _929823 |
|
| 139 |
_aАйслър, Бари _bА 37 |
||
| 245 | 1 | 0 |
_aРейн-Сан: Без правила _bРоман _cБари Айслър ; прев. от англ. Иван Златарски |
| 260 |
_bБард _c2021 _aСофия |
||
| 300 |
_a448 с. _c20 см |
||
| 380 | _aX | ||
| 490 | _aКралете на трилъра | ||
| 700 |
_aЗлатарски, Иван Василев _eпрев. от англ. _9242826 _gПреводач от английски език (художествена литература), инженер |
||
| 856 | 4 | _qpdf | |
| 856 | 4 | _qpdf | |
| 942 |
_cKNG _n0 _0115 _s1 |
||
| 944 |
_cНора Радева _k30535 _lХристина Везирева |
||
| 999 |
_c508943 _d508943 |
||
| 999 | _d508943 | ||